000 01032nam0a22002651 4500
001 rc\2777745
005 20250806205142.0
035 _a(NLR Aleph) 006904003
090 _a31704
_c31704
100 _a20110915d1942 u y0rusy50 ca
101 0 _arus
102 _aRU
105 _aa z |||||
200 1 _aЧто должен знать пастушок
_fО. К. Грюнберг
210 _aМосква
_cНаркомпрос РСФСР
_d1942
215 _a13, [2] с.
_cтабл.
_d16 см.
225 1 _aВ помощь школьнику
_fУпр. нач. и средних школ НКП РСФСР. Центр. станция юных натуралистов и опытников сельск. хозяйства
700 1 _aГрюнберг
_bО.К.
_gОльга Константиновна
801 0 _aRU
_bNLR
_gpsbo
801 1 _aRU
_bELAR
_2rusmarc
852 _aNLR
_jДл02 Г-2/141
942 _cBOOK
945 _aРоссийская национальная библиотека
980 _aNB
980 _aBV